00241nam a2200085Ia 4500008004100000041000800041100001700049245005600066260003300122241105s9999 xx 000 0 und d aeng aAttal Aparna aLandscape Approach Towards THe Heritage Walk At Wai bM Arch Landscape, Punec2014